| 000 | 00434cam a2200169ua 4500 | ||
|---|---|---|---|
| 020 | _c17.50 | ||
| 041 |
_aeng _h |
||
| 082 |
_a658.154 _bWEL/BU |
||
| 100 | _aWelsch, Glenn.A . | ||
| 245 |
_aBudgeting : Profit planning and control / _cA Glenn Welsch. _hTextual Documents |
||
| 260 |
_aMumbai : _bAsia Publishing House , _c1962. |
||
| 300 | _a485 ; . | ||
| 365 | _a17.50 | ||
| 504 | _a | ||
| 942 | _cBK | ||
| 999 |
_c1645 _d1645 |
||